| 000 | 00545nam a22002177a 4500 | ||
|---|---|---|---|
| 003 | OSt | ||
| 005 | 20170124132135.0 | ||
| 008 | 170124b xxu||||| |||| 00| 0 eng d | ||
| 020 | _a1588901602 | ||
| 020 | _a3137681022 | ||
| 040 | _cDMLN | ||
| 082 | _aWU230 T 688a 2003 | ||
| 100 |
_aTronstad, Leif. _911451 |
||
| 245 | _aClinical Endodontics A Textbook | ||
| 250 | _a2nd rev ed. | ||
| 300 | _ax,259p; ill: 24cm | ||
| 504 | _aReferences, & index included | ||
| 650 |
_aEndodontics _94045 |
||
| 650 |
_aDental _93287 |
||
| 942 |
_2z _cO_SHELF |
||
| 999 |
_c5483 _d5483 |
||